Vainqueurs de le Trophée des champions - Mort Subite - Statistiques

Statistiques générales
  • Ce quiz a été pris 188 fois
  • Le résultat moyen est 5 sur 14
Answers on the Grid
Answers color-coded by a green-red scale on the quiz's grid according to % correct below.
AJ Auxerre
Angers SCO
Paris FC
FC Metz
FC Annecy
Amiens SC
EA Guingamp
Grenoble Foot 38
AC Ajaccio
AS Monaco
AS Saint-Étienne
FC Lorient
FC Nantes
FC Sochaux-Montbéliard
Girondins de Bordeaux
Le Havre AC
LOSC Lille
Montpellier HSC
Nîmes Olympique
OGC Nice
Olympique de Marseille
Olympique lyonnais
Paris Saint-Germain
RC Lens
RC Strasbourg
SC Bastia
Stade de Reims
Stade rennais FC
Toulouse FC
UA Sedan-Torcy
 
Statistiques - réponses
Réponse % Correct
Olympique de Marseille
74%
Paris Saint-Germain
74%
Olympique lyonnais
71%
AS Monaco
68%
LOSC Lille
66%
Girondins de Bordeaux
53%
AS Saint-Étienne
43%
FC Nantes
37%
OGC Nice
16%
Stade rennais FC
16%
Stade de Reims
14%
UA Sedan-Torcy
5%
SC Bastia
4%
Le Havre AC
2%
Aucun quiz correspondant
Distribution des résultats
% des personnes avec chaque résultat
Percentile par nombre de réponses
Votre historique - résultats
Vous n’avez pas pris ce quiz